000 00887nam a2200217Ia 4500
999 _c40259
_d40259
001 6867
003 GE_BSU
005 20200129155758.0
008 181216s1972||||ge |||||||||||||| ||ge ||
040 _cGE_BSU
041 _ageo
080 _a821.353.1-1 გ-66
100 _aგომიაშვილი, ალექსანდრე.
_96494
245 _aთხზულებანი ორ ტომად : ტომი 1 :
_bპოეზია /
_cალექსანდრე გომიაშვილი ; რედ. ა. ადამია.
264 _aთბილისი :
_bსაბჭ.საქართველო,
_c1972.
300 _a306 გვ. ;
_bფოტო ;
_c21 სმ.
653 _aთხზულებანი
653 _aპოეზია
700 _aადამია, ა.
_eრედაქტორი
_94246
942 _cBK
_2udc